000 01126nam a22003137a 4500
003 CHAP
005 20220329134347.0
008 971013s1978 r 00010 d
010 _a19333
011 _a20305
035 _a24393
040 _cCHAP
082 _a025.3 154Y
110 _aAmerican Library Association
_95258
245 _aReglas de catalogación angloamericanas; media audiovisuales y materiales didácticos especiales
260 _aMéxico, D.F., :
_bUniversidad Nacional Autónoma de México. Instituto de Investigaciones Bibliográficas,
_c1978
300 _a100 p
490 _aInstrumento bibliographica
_v; 5
590 _aBATCH-UPD
_b10
_c20130109
_lUCH01
_h2316
590 _aBATCH-UPD
_b10
_c20130110
_lUCH01
_h2236
590 _aBATCH-UPD
_b10
_c20130409
_lUCH01
_h1836
590 _aBATCH-UPD
_b10
_c20130914
_lUCH01
_h0900
590 _aCONVERSION
_b10
_c20130109
_lUCH01
_h1312
650 1 4 _aCatalogación
_xMateriales audiovisuales.
_920485
830 0 _aInstrumento bibliographica
_v; 5
_959487
901 _aBK
942 _cLIBRO
949 _a025.3 154Y
_bBC
_cB
_d-56233
_eB
_h53285
_i24393
_si
_t60.00
999 _c19333
_d19333